Harry Potter de A à Z (difficile) - Statistiques

Statistiques générales
  • Ce quiz a été pris 181 fois
  • Le résultat moyen est 11 sur 26
Statistiques - réponses
Lettre Indice Réponse % Correct
D Ecole où a étudier Grindelwald Durmstrang
82%
B Nom de famille du professeur d'histoire de la magie Binns
74%
P Second prénom de Albus Dumbledore Perceval
74%
X Directeur du Chicaneur Xenophilius
68%
R Malefoy le vole à Néville dans le premier tome Rapeltout
67%
A Prénom de Mrs Figg Arabella
66%
J Les sorciers en boivent au petit déjeuner Jus de citrouille
62%
N Créature adorant tout ce qui brille Niffleur
59%
Z Boutique de farces et attrapes de Pré-Au-Lard Zonko
57%
M Harry l'affronte lors de la première tâche Magyar à pointes
53%
Q Prénom d'un professeur au fort bégaiement Quirinus
51%
K Prénom de la mère d'Arianna Dumbledore Kendra
47%
O Sort utilisé par Hermione pour lancer des oiseaux sur Ron Oppugno
46%
Y Corban __ Yaxley
46%
H __ de Holyhead Harpies
35%
E Sortilège de disparition (ex : vider un chaudron) Evanesco
27%
L Nom du premier chapitre du premier tome Le Survivant
25%
V Ver magique très ennuyant Veracrasse
23%
G Langue des Gobelins Gobelbabil
20%
W On peut l'entendre crier de son tableau au QG de l'ordre du phénix Walburga
20%
I Cadavre humain ensorcelé par un mage noir Inferius
16%
S Créature hybride pouvant infligé piqûres et brûlures Scroutt à pétard
13%
F Jouet interdit dans l'enceinte de Poudlard Frisbee à dents de serpent
9%
U Ecole de sorcellerie africaine Uagadou
8%
T Examinateur de Harry durant ses BUSE Tofty
7%
C Petite créature se cachant dans les endroits ou le sang a coulé Chaporouge
6%
Aucun quiz correspondant
Distribution des résultats
% des personnes avec chaque résultat
Percentile par nombre de réponses
Votre historique - résultats
Vous n’avez pas pris ce quiz